| 000 | 00000nam 2200000zi 4500 |
| 001 | 9.943189 |
| 003 | CaOODSP |
| 005 | 20241104133550 |
| 006 | m o d f |
| 007 | cr |n||||||||| |
| 008 | 240913t20012001quc o f000 0 fre d |
| 020 | |z0662661680 |
| 040 | |aCaOODSP|bfre|erda|cCaOODSP |
| 043 | |an-cn--- |
| 086 | 1 |aRH4-14/2001-1F-PDF|zRH4-14/2001-1 |
| 245 | 00|aRéponse provisoire du gouvernement du Canada, Comité permanent du développement des ressources humaines et de la condition des personnes handicapées rapport provisoire : |baccès aux études supérieures et à la formation. |
| 246 | 30|aAccès aux études supérieures at à la formation |
| 264 | 1|a[Hull, Québec] : |bDéveloppement des ressources humaines Canada, |cnovembre 2001. |
| 264 | 4|c©2001 |
| 300 | |a1 ressource en ligne (21 pages) |
| 336 | |atexte|btxt|2rdacontent/fre |
| 337 | |ainformatique|bc|2rdamedia/fre |
| 338 | |aressource en ligne|bcr|2rdacarrier/fre |
| 500 | |aPublié aussi en anglais sous le titre : Government of Canada interim response, Standing Committee on Human Resources Development and the Status of Persons with Disabilities interim report : access to higher education and training. |
| 500 | |aÉdition numérisée de l'imprimée [par Direction des publications du gouvernement du Canada]. |
| 500 | |a«SP-531-11-01.» |
| 650 | 6|aEnseignement supérieur|xPolitique gouvernementale|zCanada. |
| 650 | 6|aEnseignement supérieur|zCanada. |
| 650 | 6|aÉtudiants|xAide financière|zCanada. |
| 650 | 6|aÉdudiants|zCanada|xConditions économiques. |
| 650 | 6|aUniversités|zCanada|xFinances. |
| 650 | 6|aÉtudiants handicapés|xEnseignement supérieur|zCanada. |
| 710 | 1 |aCanada.|bDéveloppement des ressources humaines Canada, |eorganisme de publication. |
| 775 | 08|tGovernment of Canada interim response, Standing Committee on Human Resources Development and the Status of Persons with Disabilities interim report : |w(CaOODSP)9.943190 |
| 776 | 0#|tRéponse provisoire du gouvernement du Canada : |w(CaOODSP)9.663310 |
| 856 | 40|qPDF|s17849 Ko|uhttps://publications.gc.ca/collections/collection_2024/edsc-esdc/RH4-14-2001-1-fra.pdf |